|
|
|
|
| LEADER |
00000nab a2200000 a 4500 |
| 001 |
vtls000393021 |
| 003 |
SK-MaSNL |
| 005 |
20260302223358.0 |
| 008 |
111202c1990 xo 0 slo |
| 015 |
|
|
|a SNBRB19rr/mm-uuuuu
|
| 035 |
|
|
|a CL0393145
|
| 040 |
|
|
|a SNKBUCL
|b slo
|c SNKBUCL
|e AACR2
|
| 041 |
0 |
|
|a slo
|
| 044 |
|
|
|a xo
|c SK
|
| 080 |
|
|
|a 7.097
|2 1981
|
| 100 |
1 |
|
|a Ivaška, Samuel,
|d 1948-
|4 aut
|9 164514
|
| 245 |
1 |
0 |
|a Slovo tvorcu
|c Samuel Ivaška
|
| 650 |
0 |
7 |
|a Martinček, Peter
|2 snkbucl
|9 952949
|
| 655 |
|
7 |
|a články z novín a časopisov
|2 snkbucl
|9 267496
|
| 773 |
0 |
|
|t Dialóg 90
|g Roč. 2, č. 20 (1990), s. 6
|
| 850 |
|
|
|a Slovenská národná knižnica v Martine
|a MTA001
|
| 852 |
|
|
|a SNK
|b KIS3GCP
|
| 958 |
|
|
|a RK
|
| 992 |
|
|
|a RBX
|
| 999 |
|
|
|c 1520172
|d 1522102
|